| 000 | 00444nam a2200133Ia 4500 | ||
|---|---|---|---|
| 008 | 191206s9999 xx 000 0 und d | ||
| 020 | _a9789719654926 | ||
| 100 | _aAgustin-Acierto, Marife | ||
| 245 |
_cMarife Agustin-Acierto _aIn depth: _ba guide to successful business planning/ |
||
| 260 |
_aManila: _bUnlimited books: _c2017 |
||
| 300 |
_axii, 250 p. ; _c25 cm. |
||
| 500 | _aIncludes bibliographical references | ||
| 650 | _aBusiness planning | ||
| 999 |
_c362825 _d362825 |
||